000 00748nam a2200265Ia 4500
001 dia_995
003 CHAP
005 20230118134213.0
008 220117s1981 xx 000 0 und d
010 _a171544
020 _a0-8014-1337-0
040 _cCHAP
082 _a338.13 T6
100 _aTomek, William G.
_9113855
245 _aAgricultural Product Prices /
_c por William G. Tomek and Kenneth L. Robinson
250 _a2
260 _aLondres, Inglaterra :
_b Cornell University Press,
_c1981
300 _a367 p.
503 _aC/e
650 _a1.Productos Agrícolas
_xprecios
_9149750
901 _a338.13 T6
902 _aM
905 _a0000001981 ENKA 0000000000ENG00
942 _cLIBRO
_2ddc
999 _c171544
_d171544